CECGA rozšírila kritériá hodnotenia spoločností
Stredoeurópska asociácia správy a riadenia spoločností (Central European Corporate Governance Association – CECGA) od roku 2012 hodnotí dodržiavanie princípov Corporate Governance. Predmetom prieskumu sú spoločnosti, ktorých cenné papiere sú registrované na Burze cenných papierov v Bratislave, a.s....
Guardado en:
| Autor principal: | |
|---|---|
| Formato: | Capítulo de libro |
| Lenguaje: | eslovaco |
| Materias: | |
| Etiquetas: |
Sin Etiquetas, Sea el primero en etiquetar este registro!
|
MARC
| LEADER | 00000naa a2200000 4500 | ||
|---|---|---|---|
| 001 | 0200169 | ||
| 005 | 20221019170342.7 | ||
| 041 | 0 | |a slo | |
| 044 | |a SK | ||
| 245 | 1 | 0 | |a CECGA rozšírila kritériá hodnotenia spoločností |c Lenka Debnárová |
| 520 | |a Stredoeurópska asociácia správy a riadenia spoločností (Central European Corporate Governance Association – CECGA) od roku 2012 hodnotí dodržiavanie princípov Corporate Governance. Predmetom prieskumu sú spoločnosti, ktorých cenné papiere sú registrované na Burze cenných papierov v Bratislave, a.s. CECGA hodnotí úroveň dodržiavania princípov Corporate Governance v súlade so zásadou Kódexu správy a riadenia spoločností na Slovensku „comply or explain“ (dodržiavaj alebo vysvetli). Z tohto vyplýva, že sa hneď neznižuje hodnotenie spoločnostiam, ktoré nedodržiavajú sledované kritériá, ak poskytnú primerané vysvetlenie. | ||
| 610 | 2 | 0 | |a správa podniku |
| 610 | 2 | 0 | |a riadenie podnikové |
| 610 | 2 | 0 | |a reporting |
| 610 | 2 | 0 | |a správa spoločnosti |
| 100 | 1 | |a Debnárová, Lenka | |